Local government and social protection : (Record no. 4720)

MARC details
000 -LEADER
fixed length control field 00659cam a2200193 4500
001 - CONTROL NUMBER
control field 5601
005 - DATE AND TIME OF LATEST TRANSACTION
control field 20181127175843.0
008 - FIXED-LENGTH DATA ELEMENTS--GENERAL INFORMATION
fixed length control field 100805s2008 au a b 000 0 eng d
010 ## - LIBRARY OF CONGRESS CONTROL NUMBER
LC control number 2010285879
042 ## - AUTHENTICATION CODE
Authentication code lccopycat
245 10 - TITLE STATEMENT
Title Local government and social protection :
Remainder of title making service delivery available for the most vulnerable /
Statement of responsibility, etc. UNCDF.
260 ## - PUBLICATION, DISTRIBUTION, ETC.
Place of publication, distribution, etc. New York :
Name of publisher, distributor, etc. UNCDF,
Date of publication, distribution, etc. n.d.
300 ## - PHYSICAL DESCRIPTION
Extent 54 p. :
Other physical details col. ill. ;
Dimensions 30 cm.
500 ## - GENERAL NOTE
General note Title from cover.
504 ## - BIBLIOGRAPHY, ETC. NOTE
Bibliography, etc. note Includes bibliographical references.
650 #6 - SUBJECT ADDED ENTRY--TOPICAL TERM
Topical term or geographic name entry element Human services
Geographic subdivision Asia-Pacific Region.
General subdivision
Topical term or geographic name entry element Social surveys Asia-Pacific Region.
General subdivision
Holdings
Withdrawn status Lost status Source of classification or shelving scheme Damaged status Not for loan Collection code Home library Current library Shelving location Date acquired Serial Enumeration / chronology Inventory number Total Checkouts Full call number Barcode Date last seen Price effective from Koha item type
    Dewey Decimal Classification     Main TEST RTC Library RTC Library Main opac 12/01/2022 9004   305.69 LOC 30009232 12/01/2022 27/11/2018 Main
Royal Thimphu College || All Right Reserved